Contract law (Second edition) (Record no. 38685)

MARC details
000 -LEADER
fixed length control field 00683nam a2200181 a 4500
008 - FIXED-LENGTH DATA ELEMENTS--GENERAL INFORMATION
fixed length control field 210506s2010 ||||||||||||||||| || u
020 ## - INTERNATIONAL STANDARD BOOK NUMBER
International Standard Book Number 9781408225820
050 ## - LIBRARY OF CONGRESS CALL NUMBER
Classification number KD 130 Faf
100 ## - MAIN ENTRY--PERSONAL NAME
Personal name Fafinski, Stefan
245 10 - TITLE STATEMENT
Title Contract law (Second edition)
Statement of responsibility, etc. By Stefan Fafinski; Emily Finch
250 ## - EDITION STATEMENT
Edition statement Second edition
260 ## - PUBLICATION, DISTRIBUTION, ETC.
Place of publication, distribution, etc. Essex, England
Name of publisher, distributor, etc. Pearson Education Limited
Date of publication, distribution, etc. 2010
300 ## - PHYSICAL DESCRIPTION
Extent xxii, 205 pages : illustrations
650 ## - SUBJECT ADDED ENTRY--TOPICAL TERM
Topical term or geographic name entry element CONTRACTS--ENGLAND
650 ## - SUBJECT ADDED ENTRY--TOPICAL TERM
Topical term or geographic name entry element CONTRACTS--WALES
700 ## - ADDED ENTRY--PERSONAL NAME
Personal name Finch, Emily
995 ## - RECOMMENDATION 995 [LOCAL, UNIMARC FRANCE]
-- 95.38
-- CBU-MAIN LIBRARY (Kitwe)
-- 1
-- AVAILABLE
-- May 6, 2021
-- Main Library Open Access Collection
Holdings
Withdrawn status Lost status Source of classification or shelving scheme Damaged status Not for loan Home library Current library Shelving location Date acquired Total Checkouts Full call number Barcode Date last seen Date last checked out Price effective from Koha item type
          CBU-MAIN LIBRARY, KITWE. CBU-MAIN LIBRARY, KITWE.   11/30/2022 2 KD 130 Faf 751054 02/23/2024 02/09/2024 11/30/2022 MONOGRAPH